Les anciens vainqueurs du Tour de France (photo) - Statistiques

Statistiques générales
  • Ce quiz a été pris 48 fois
    47 depuis la dernière actualisation
  • Le résultat moyen est 16 sur 21
Statistiques - réponses
Par images Réponse % Correct
Christopher Froome
95%
Laurent Fignon
95%
Marco Pantani
93%
Tadej Pogačar
93%
Jonas Vingegaard
85%
Bernard Hinault
83%
Eddy Merckx
83%
Jacques Anquetil
83%
Andy Schleck
80%
Greg LeMond
78%
Miguel Indurain
78%
Alberto Contador
76%
Jan Ullrich
76%
Vincenzo Nibali
73%
Louison Bobet
68%
Bernard Thévenet
63%
Fausto Coppi
61%
Luis Ocaña
56%
Federico Bahamontes
54%
Gino Bartali
54%
Lucien van Impe
34%
Aucun quiz correspondant
Distribution des résultats
% des personnes avec chaque résultat
Percentile par nombre de réponses
Votre historique - résultats
Vous n’avez pas pris ce quiz depuis la dernière actualisation